|
|
|
|
| LEADER |
00000nam a2200000 a 4500 |
| 005 |
20120619181326.0 |
| 007 |
cr|||| |||| |
| 008 |
060315s2006 sp |||||| 000 ||spa|c |
| 020 |
|
|
|a 8496283291
|
| 035 |
|
|
|a 6521
|
| 040 |
|
|
|d vLex
|
| 090 |
|
|
|c 3203
|d 3203
|
| 100 |
1 |
|
|a Bacigalupo, Silvina
|
| 245 |
1 |
0 |
|a Cuestiones prc̀ticas en el m̀bito de los delitos de empresa
|h [Recurso electrn̤ico] :
|b perspectivas de la dimensin̤ jurisprudencial /
|c Silvina Bacigalupo Saggese, Javier Sǹchez-Vera Gm̤ez-Trelles
|
| 256 |
|
|
|a Servicio en ln̕ea
|
| 260 |
|
|
|a Barcelona :
|b Experiencia,
|c 2006
|
| 300 |
|
|
|a 1 recurso electrn̤ico
|
| 504 |
|
|
|a Incluye bibliografa̕
|
| 506 |
1 |
|
|a Contenido solo disponible en los productos indicados
|d vLex Global
|d vLex Global (Academic Edition, excluding Law Schools)
|d vLex Global (U.S. Academic Edition, Law Schools)
|d vLex Global (U.S. Academic Edition, excluding Law Schools)
|d vLex Global (Academic Edition, Law Schools)
|
| 650 |
0 |
4 |
|a Delitos econm̤icos
|z Espaą
|
| 650 |
0 |
4 |
|a Delitos econm̤icos
|
| 650 |
0 |
4 |
|a Sociedades
|x Derecho
|z Espaą
|
| 700 |
1 |
|
|a Sǹchez-Vera Gm̤ez-Trelles, Javier
|
| 740 |
0 |
|
|a vLex Libros (Servicio en ln̕ea)
|
| 856 |
4 |
0 |
|u http://vlex.com/source/cuestiones-practicas-ambito-delitos-empresa-6521
|z Acceso restringido
|
| 942 |
|
|
|c BOOK
|
| 999 |
0 |
|
|a Commercial crimes
|
| 999 |
0 |
|
|a Corporations
|